000 00431nam a2200193Ia 4500
005 20250425162644.0
008 250425s9999 xx 000 0 und d
020 _a044488159X
041 _aeng
082 _a575.1
245 0 _aGENETICS IN AQUACULTURE III
250 _aS.E
260 _aEstados Unidos
_bELSELVIER
_c1990
260 _aNEW YORK
300 _a340
650 _aGENETICA
942 _c01
010 _a94576
999 _c233708
_d233708